000 01003nam a22002897a 4500
001 6042
003 FISKH
005 20250303121358.0
008 250226b cb ||||| |||| 00| 0 eng d
020 _a9780545631044
040 _aFISKH
_beng
_cFISKH
_dFISKH
050 _aPZ7.F59938 S
082 _a159
100 _aFleming, David
_d(1971–)
245 _aThe Saturday boy /
_cDavid Fleming
250 _aThis edition first published in 2014
260 _aNew York :
_bScholastic,
_c20 cm
300 _a261 pages :
_c20 cm
505 _aR
520 _aEvery school day seems to bring more trouble to eleven-year-old Derek, whose former best friend bullies him, while at home he deals with the long absence of his father, a Blackhawk helicopter pilot, and his mother's sudden moodiness.
521 8 _a710
_bLexile
521 8 _aR
_bRaz-Plus
650 _2Fiction
_aArmy families
650 _2Children-of-deployed-parents
_aRealistic fiction
942 _2ddc
_cBK
_n0
999 _c6042
_d6042